| 000 | 00883nam0a2200265 4500 | ||
|---|---|---|---|
| 001 | RU\NLR\bibl\1899951 | ||
| 005 | 20250616195638.0 | ||
| 010 |
_a978-5-94057-965-6 _91000 |
||
| 021 |
_aRU _b2012-26616 _91984 |
||
| 035 | _a(NLR Aleph) 001889590 | ||
| 090 |
_a2901511 _c2901511 |
||
| 100 | _a20120504d2012 |||y0rusy50 ca | ||
| 101 | 0 | _arus | |
| 102 | _aRU | ||
| 105 | _ay ||||||||| | ||
| 200 | 1 | _aИнформатика. Диагностические работы в формате ЕГЭ 2012. 2-й вып. | |
| 210 |
_aМосква _cМЦНМО _d2012 |
||
| 215 | _d29 | ||
| 225 | 1 | _aБиблиотечка СтатГрад | |
| 700 | 1 |
_aПутимцева _bЮ С _4070 |
|
| 801 | 0 |
_aRU _bNLR _c20120504 _gRCR |
|
| 801 | 1 |
_aRU _bNLR _c20120504 |
|
| 942 | _cBOOK | ||
| 980 | _aNB | ||